000 00520nam a2200193Ia 4500
003 OSt
005 20191213105515.0
008 190216s9999||||xx |||||||||||||| ||und||
020 _a9788182811690
040 _coclc
082 _a338.5
_bJHI/M
100 _aJhingan, M L
_9469
245 0 _aMicroeconomic Theory /
_c M L Jhingan
250 _a7th edn
260 _bVrinda Publications,
_c1997.
_aDelhi:
300 _a691p
650 _aEconomics
942 _cBK
_2ddc
_h338.5
_iJHI/M
_k338.5
_mJHI/M
999 _c9598
_d9598